Biên soạn bộ câu hỏi kiểm tra, đánh giá kết quả học tập trong dạy học chương tứ giác Hình học 8 Luận văn thạc sĩ khoa học giáo dục. Chuyên ngành: LL và PP dạy học Bộ Môn Toán . Mã số: 8 14 01 11

Sparad:
Bibliografiska uppgifter
Huvudupphovsman: Nguyễn, Thanh Hùng
Övriga upphovsmän: Nguyễn, Văn Hồng (Hướng dẫn)
Materialtyp: Materialpaket Bok
Språk:Vietnamese
Publicerad: Đồng Tháp Đại học Đồng Tháp 2018
Ämnen:
Taggar: Lägg till en tagg
Inga taggar, Lägg till första taggen!
Thư viện lưu trữ: Trung tâm Học liệu Lê Vũ Hùng, Trường Đại học Đồng Tháp
LEADER 01209ppm a22002658a 4500
001 00043161
005 20181114081150.0
008 170627s2017 ||||||viesd
041 0 # |a vie 
082 1 4 |b B305S  |a 516.007 
100 1 # |a Nguyễn, Thanh Hùng 
245 0 0 |a Biên soạn bộ câu hỏi kiểm tra, đánh giá kết quả học tập trong dạy học chương tứ giác Hình học 8  |b Luận văn thạc sĩ khoa học giáo dục. Chuyên ngành: LL và PP dạy học Bộ Môn Toán . Mã số: 8 14 01 11  |c Nguyễn Thanh Hùng; Nguyễn Văn Hồng (hướng dẫn) 
260 # # |a Đồng Tháp  |b Đại học Đồng Tháp  |c 2018 
300 # # |a 99 tr.  |c 30 cm. 
500 # # |a ĐTTS ghi: Bộ giáo dục và đào tạo. Trường Đại học Đồng tháp 
653 # # |a Giáo dục 
653 # # |a lớp 8 
653 # # |a Toán học 
653 # # |a Hình học 
653 # # |a Luận Văn 
653 # # |a THCS 
700 1 # |a Nguyễn, Văn Hồng  |e Hướng dẫn 
852 # # |j LV.0002010  |j LV.0001843 
910 0 # |d 14/11/2018 
980 # # |a Trung tâm Học liệu Lê Vũ Hùng, Trường Đại học Đồng Tháp